书目信息 |
| 题名: |
国际贸易地理
|
|
| 作者: | 竺仙如 主编 | |
| 分册: | ||
| 出版信息: | 北京 中国商务出版社 2006 |
|
| 页数: | 359页 | |
| 开本: | 23cm | |
| 丛书名: | ||
| 单 册: | ||
| 中图分类: | F742 | |
| 科图分类: | ||
| 主题词: | 国际贸易--商业地理--高等学校--教材 , 国际贸易 , 商业地理 | |
| 电子资源: | ||
| ISBN: | 7-80181-531-9 | |
| 000 | 00922nam0 2200289 450 | |
| 001 | 003247054 | |
| 005 | 20070807150859.28 | |
| 010 | @a7-80181-531-9@dCNY30.00 | |
| 035 | @a003247054 | |
| 100 | @a20060529d2006 em y0chiy0110 ea | |
| 101 | 0 | @achi |
| 102 | @aCN@b110000 | |
| 105 | @ay z 000yy | |
| 106 | @ar | |
| 200 | 1 | @a国际贸易地理@Aguo ji mao yi di li@f竺仙如主编@Fzhu xian ru zhu bian |
| 205 | @a5版 | |
| 210 | @a北京@c中国商务出版社@d2006 | |
| 215 | @a359页@d23cm | |
| 300 | @a全国外经贸院校统编教材 跨世纪课程教材 | |
| 330 | @a本书主要介绍了地理环境与国际贸易、世界贸易市场的分布、世界自由经济区、国际贸易中的交通运输、亚洲主要经济贸易区、欧洲主要经济贸易区、中国对外经济贸易区等。 | |
| 606 | 0 | @a国际贸易@x商业地理@x高等学校@j教材 |
| 606 | 0 | @a国际贸易 |
| 606 | 0 | @a商业地理 |
| 690 | @aF742@v4 | |
| 701 | 0 | @a竺仙如@Azhu xian ru@4主编 |
| 801 | 0 | @aCN@bNLC@c20070807 |
| 905 | @dF742@e103@f2 | |
| 国际贸易地理/竺仙如主编.-5版.-北京:中国商务出版社,2006 |
| 359页;23cm |
| 全国外经贸院校统编教材 跨世纪课程教材 |
| ISBN 7-80181-531-9:CNY30.00 |
| 本书主要介绍了地理环境与国际贸易、世界贸易市场的分布、世界自由经济区、国际贸易中的交通运输、亚洲主要经济贸易区、欧洲主要经济贸易区、中国对外经济贸易区等。 |
| ● |
| 相关链接 |
|
|
|
|
正题名:国际贸易地理
索取号:F742/103
 
预约/预借
| 序号 | 登录号 | 条形码 | 馆藏地/架位号 | 状态 | 备注 |
| 1 | 0853987 | 208539875 | 第一样本阅览室/ [索取号:F742/103] | 在馆 | |
| 2 | 0853988 | 208539884 | 第一借阅区/ [索取号:F742/103] | 在馆 |